000 00336nam a2200109Ia 4500
008 171204s9999 xx 000 0 und d
245 _aIntermediate Algebra with P.O.W.E.R. Learning:
245 _cSherri Messersmith
260 _c2013
650 _xG-MATH1 Modern College Algebra
856 _uhttp://down.ebook777.com/055/0073406279.pdf
999 _c345501
_d345501